Helldivers 2 - Intro Scene Quiz - Statistics

General Stats
  • This quiz has been taken 54 times
    14 since last reset
  • The average score is 76 of 92
Answer Stats
Answer % Correct
be
100%
be
100%
Become
100%
Become
100%
Become
100%
Become
100%
come
100%
Earth
100%
Free
100%
free
100%
galaxy
100%
galaxy!
100%
Helldiver!
100%
home
100%
Liberty
100%
Liberty
100%
life
100%
life
100%
of
100%
of
100%
of
100%
Our
100%
Our
100%
Super
100%
the
100%
the
100%
the
100%
the
100%
the
100%
a
83%
a
83%
a
83%
all
83%
an
83%
and
83%
and
83%
are
83%
courage
83%
Democracy
83%
Democracy
83%
elite
83%
exotic
83%
force!
83%
freedom
83%
happening
83%
have
83%
Helldivers
83%
HERO
83%
Join
83%
LEGEND
83%
like
83%
Look
83%
Managed
83%
new
83%
No
83%
No
83%
part
83%
peacekeeping
83%
Scenes
83%
Sweet
83%
That
83%
that
83%
these
83%
to
83%
to
83%
way
83%
You
83%
you
83%
across
67%
but
67%
could
67%
decision
67%
doesn't
67%
familiar?
67%
important
67%
is
67%
lifeforms
67%
most
67%
next
67%
now!
67%
Prosperity
67%
Prove
67%
right
67%
strength
67%
your
67%
yourself
67%
make
50%
See
50%
spread
50%
throughout
50%
unless
50%
you're
0%
No matching quizzes found
Score Distribution
Percent of People with Each Score
Percentile by Number Answered
Your Score History
You have not taken this quiz since the last reset